Manual de capacitación en seguridad privada: para vigiladores y particulares (Registro nro. 6375)

Detalles MARC
000 -Cabecera
Campo de control de longitud fija 00638aam a2200241 4500
005 - Fecha y hora de la última transacción
Campo de control 20260410175654.0
008 - Elementos de longitud fija--Información general
Campo de control de longitud fija 150312b1994 xxu||||| |||| 00| 0 spa d
020 ## - International Standard Book Number
Número Internacional Estándar del Libro (ISBN) 9506791244
041 ## - Idioma
Código de idioma Español
082 ## - Clasificación Decimal Dewey
Número de clasificación 364.4 S714m
100 ## - Entrada principal--Autor personal
Nombre personal Soriano, Marcelo
9 (RLIN) 37224
245 ## - Título propiamente dicho
Título Manual de capacitación en seguridad privada: para vigiladores y particulares
260 ## - Pie de imprenta
Lugar de publicación, distribución, etc. Argentina
260 ## - Pie de imprenta
Nombre del editor, distribuidor, etc. Universidad
260 ## - Pie de imprenta
Fecha de publicación, distribución, etc. 1994
300 ## - Descripción física
Extensión 175 páginas
490 ## - Serie
Título de la Serie Investigación Criminal
650 ## - Materia general
Temática (materia general) SEGURIDAD PRIVADA
650 ## - Materia general
Temática (materia general) SEGURIDAD CIUDADANA
650 ## - Materia general
Temática (materia general) ARMAS
650 ## - Materia general
Temática (materia general) PRIMEROS AUXILIOS
942 ## - Punto de acceso adicional KOHA
Tipo de ítem KOHA Libro
Fuente del sistema de clasificación o colocación Dewey Decimal Classification
Existencias
Signatura completa Código de barras Programa Académico Tipo de ítem
364.4 S714m 2502 Investigación Criminal Libro
364.4 S714m 2503 Investigación Criminal Libro
364.4 S714m 2504 Investigación Criminal Libro
364.4 S714m 2505 Investigación Criminal Libro